| 000 | 00728nam a22001817a 4500 | ||
|---|---|---|---|
| 999 |
_c8236 _d8236 |
||
| 020 | _a9789393213099 | ||
| 050 |
_aRS100 _b.K16 |
||
| 100 | _aKatiyar, Deepti | ||
| 245 |
_aManual for pharmacy administration pharmacy management _cKatiyar, Deepti |
||
| 260 |
_aUttar Pradesh _bUniversal Publishing House _c2021 |
||
| 300 |
_a268p.: _bill. _c20cm. |
||
| 500 | _aIncludes index. | ||
| 505 | _a1. Drug Administration 2. Medicine administration 3. Pharmaceutical drug 4. Psychoactive medications 5. Pharmacokinetics of oral administration 6. Drug action and drugs of abuse 7. synthetic drug 8. Drug substances | ||
| 650 | _aNursing | ||
| 650 | _aPharmacy management. | ||
| 650 | _a Pharmacy Administration | ||
| 942 | _cBK | ||